Medieval india 1 (Record no. 9704)

MARC details
000 -LEADER
fixed length control field 00500cam a2200193ua 4500
001 - CONTROL NUMBER
control field 10748
005 - DATE AND TIME OF LATEST TRANSACTION
control field 20260515114645.0
008 - FIXED-LENGTH DATA ELEMENTS--GENERAL INFORMATION
fixed length control field 190401n ii |||gr||||Z||||||eng
020 ## - INTERNATIONAL STANDARD BOOK NUMBER
International Standard Book Number 9780195646580
040 ## - CATALOGING SOURCE
Transcribing agency MAIN
082 ## - DEWEY DECIMAL CLASSIFICATION NUMBER
Classification number 954
100 ## - MAIN ENTRY--PERSONAL NAME
Personal name Irfan Habib,
Relator term Author.,
245 ## - TITLE STATEMENT
Title Medieval india 1
Remainder of title Resrarch in the history of india 1200-1750
250 ## - EDITION STATEMENT
Edition statement 1st pap ed.
260 ## - PUBLICATION, DISTRIBUTION, ETC.
Place of publication, distribution, etc. New Delhi:
Name of publisher, distributor, etc. Oxford university press,
Date of publication, distribution, etc. 1999.
300 ## - PHYSICAL DESCRIPTION
Extent 224p.
653 ## - INDEX TERM--UNCONTROLLED
Uncontrolled term South Asia India
942 ## - ADDED ENTRY ELEMENTS (KOHA)
Koha item type Books
Holdings
Withdrawn status Lost status Damaged status Not for loan Home library Current library Shelving location Date acquired Total checkouts Full call number Barcode Date last seen Copy number Price effective from Koha item type
        Naharkatiya College Library Naharkatiya College Library General stacks 09/19/2020   954Indian history | HAB 25235 09/19/2020 1 09/19/2020 Books